000 00640nam a2200205 a 4500
005 20140310183503.0
008 100930s19uu xx 00 eng d
050 _aLB 1028.5
_b.T255 2008
100 _aTocson, Errol Jan
245 _aICT and society :
_blecture lesson plans /
_cErrol Jan Tocson.
260 _aPhilippines :
_bTechFactors,
_c2008.
300 _a25 p. :
_bill. ;
_c27 cm.
521 _aIT
650 _aInformation and Communication Technology (ICT).
650 _aICT
_xlesson plans
_xteacher's guide.
700 _aRoxas, Juno Thryza
700 _aOrtiz, Florida Valencia
942 _cBK
_2lcc
_kLOC
999 _c23983
_d23983